000 00513nam a2200181Ia 4500
005 20250317123608.0
008 008 250317s9999 xx 000 0 eng d
037 _aTextbook
040 _aFMSL
_beng
_cFMSL
041 _aeng
_2eng
084 _aSNI:f L0
_qFMSL
100 _aFestinger L
_985381
245 0 _aResearch methods in the behavioural science
260 _aNew Delhi
_bNew Delhi, Arnold
_c1970
300 _a660p
942 _cTB
_hSNI:f L0
999 _c1251938
_d1251938